书目信息 |
| 题名: |
电视节目的传播机制
|
|
| 作者: | 陈立强 著 | |
| 分册: | ||
| 出版信息: | 北京 新华出版社 2008 |
|
| 页数: | 259页 | |
| 开本: | 21cm | |
| 丛书名: | 天师传播文库 | |
| 单 册: | ||
| 中图分类: | G222.3 | |
| 科图分类: | ||
| 主题词: | 电视节目--传播--研究 , 电视节目 , 传播 | |
| 电子资源: | ||
| ISBN: | 978-7-5011-8517-7 | |
| 000 | 00925oam2 2200277 45 | |
| 001 | 1130215078 | |
| 005 | 20110309091325.53 | |
| 010 | @a978-7-5011-8517-7@dCNY20.00 | |
| 100 | @a20110122d2008 em y0chiy50 ea | |
| 101 | 0 | @achi |
| 102 | @aCN@b110000 | |
| 105 | @ay z 000yy | |
| 106 | @ar | |
| 200 | 1 | @a电视节目的传播机制@ADian Shi Jie Mu De Chuan Bo Ji Zhi@f陈立强著@FChen Li Qiang Zhu |
| 210 | @a北京@c新华出版社@d2008 | |
| 215 | @a259页@d21cm | |
| 225 | 2 | @a天师传播文库 |
| 330 | @a本书先从一般意义上论述了电视节目的身体、导视、悬念、重播、受众流、新媒体、艺术等叙事机制,再以实践界的经典节目文本为案例,分析与研究电视节目的叙事、传播及话语机制。 | |
| 461 | 0 | @12001 @a天师传播文库 |
| 606 | 0 | @a电视节目@x传播@x研究 |
| 606 | 0 | @a电视节目 |
| 606 | 0 | @a传播 |
| 690 | @aG222.3@v4 | |
| 701 | 0 | @a陈立强@AChen Li Qiang@f(1968~)@4著 |
| 801 | 0 | @aCN@bTANGWEI@c20110309 |
| 905 | @b0530570-73@dG222.3@e114@f4 | |
| 电视节目的传播机制/陈立强著.-北京:新华出版社,2008 |
| 259页;21cm.-(天师传播文库) |
| ISBN 978-7-5011-8517-7:CNY20.00 |
| 本书先从一般意义上论述了电视节目的身体、导视、悬念、重播、受众流、新媒体、艺术等叙事机制,再以实践界的经典节目文本为案例,分析与研究电视节目的叙事、传播及话语机制。 |
| ● |
| 相关链接 |
|
|
|
|
正题名:电视节目的传播机制
索取号:G222.3/114
 
预约/预借
| 序号 | 登录号 | 条形码 | 馆藏地/架位号 | 状态 | 备注 |
| 1 | 0530570 | 205305702 | 第一样本阅览室/ [索取号:G222.3/114] | 在馆 | |
| 2 | 0530571 | 205305711 | 密集书库-文学院/ [索取号:G222.3/114] | 在馆 | |
| 3 | 0530572 | 205305720 | 第四借阅区/ [索取号:G222.3/114] | 在馆 | |
| 4 | 0530573 | 205305739 | 第四借阅区/ [索取号:G222.3/114] | 在馆 |